Sports Quiz

Random Sports Quiz

Opening Day Lineups 1971-1990: Red Sox Quiz Stats

 Plays Quiz not verified by Sporcle

Challenge
Share
Tweet
Embed
Score 0/198 Timer 14:00
0 Plays Today
Year Player % Correct
1976Jim Rice
98.6%
1977Jim Rice
98.6%
1978Jim Rice
98.6%
1979Jim Rice
98.6%
1980Jim Rice
98.6%
1981Jim Rice
98.6%
1982Jim Rice
98.6%
1983Jim Rice
98.6%
1984Jim Rice
98.6%
1985Jim Rice
98.6%
1986Jim Rice
98.6%
1987Jim Rice
98.6%
1988Jim Rice
98.6%
1989Jim Rice
98.6%
1971Carl Yastrzemski
97.7%
1972Carl Yastrzemski
97.7%
1973Carl Yastrzemski
97.7%
1974Carl Yastrzemski
97.7%
1975Carl Yastrzemski
97.7%
1976Carl Yastrzemski
97.7%
1977Carl Yastrzemski
97.7%
1978Carl Yastrzemski
97.7%
1979Carl Yastrzemski
97.7%
1980Carl Yastrzemski
97.7%
1982Carl Yastrzemski
97.7%
1983Carl Yastrzemski
97.7%
1973Carlton Fisk
97%
1976Carlton Fisk
97%
1977Carlton Fisk
97%
1978Carlton Fisk
97%
1973Dwight Evans
96.8%
1975Dwight Evans
96.8%
1976Dwight Evans
96.8%
1977Dwight Evans
96.8%
1978Dwight Evans
96.8%
1979Dwight Evans
96.8%
1980Dwight Evans
96.8%
1981Dwight Evans
96.8%
1982Dwight Evans
96.8%
1983Dwight Evans
96.8%
1984Dwight Evans
96.8%
1985Dwight Evans
96.8%
1986Dwight Evans
96.8%
1987Dwight Evans
96.8%
1988Dwight Evans
96.8%
1989Dwight Evans
96.8%
1990Dwight Evans
96.8%
1988Roger Clemens
96.3%
1989Roger Clemens
96.3%
1990Roger Clemens
96.3%
1983Wade Boggs
96.3%
1984Wade Boggs
96.3%
1985Wade Boggs
96.3%
1986Wade Boggs
96.3%
1987Wade Boggs
96.3%
1988Wade Boggs
96.3%
1989Wade Boggs
96.3%
1990Wade Boggs
96.3%
1975Fred Lynn
95.7%
1976Fred Lynn
95.7%
1978Fred Lynn
95.7%
1979Fred Lynn
95.7%
1980Fred Lynn
95.7%
1973Luis Tiant
91.1%
1974Luis Tiant
91.1%
1975Luis Tiant
91.1%
Year Player % Correct
1988Mike Greenwell
88%
1989Mike Greenwell
88%
1990Mike Greenwell
88%
1985Bill Buckner
87.9%
1986Bill Buckner
87.9%
1987Bill Buckner
87.9%
1983Rich Gedman
87.7%
1984Rich Gedman
87.7%
1985Rich Gedman
87.7%
1986Rich Gedman
87.7%
1988Rich Gedman
87.7%
1989Rich Gedman
87.7%
1985Marty Barrett
83.8%
1986Marty Barrett
83.8%
1987Marty Barrett
83.8%
1988Marty Barrett
83.8%
1989Marty Barrett
83.8%
1990Marty Barrett
83.8%
1978Jerry Remy
83.7%
1979Jerry Remy
83.7%
1980Jerry Remy
83.7%
1984Jerry Remy
83.7%
1971Rico Petrocelli
83.2%
1972Rico Petrocelli
83.2%
1973Rico Petrocelli
83.2%
1974Rico Petrocelli
83.2%
1975Rico Petrocelli
83.2%
1976Rico Petrocelli
83.2%
1971George Scott
83%
1977George Scott
83%
1978George Scott
83%
1979George Scott
83%
1975Rick Burleson
82.2%
1976Rick Burleson
82.2%
1977Rick Burleson
82.2%
1978Rick Burleson
82.2%
1979Rick Burleson
82.2%
1980Rick Burleson
82.2%
1983Tony Armas
81%
1984Tony Armas
81%
1985Tony Armas
81%
1986Tony Armas
81%
1971Reggie Smith
80.8%
1972Reggie Smith
80.8%
1973Reggie Smith
80.8%
1986Don Baylor
79%
1987Don Baylor
79%
1989Ellis Burks
78.7%
1990Ellis Burks
78.7%
1984Bruce Hurst
77.1%
1986Bruce Hurst
77.1%
1977Butch Hobson
75.7%
1978Butch Hobson
75.7%
1980Butch Hobson
75.7%
1979Dennis Eckersley
75.1%
1980Dennis Eckersley
75.1%
1981Dennis Eckersley
75.1%
1982Dennis Eckersley
75.1%
1983Dennis Eckersley
75.1%
1987Dave Henderson
73.4%
1974Cecil Cooper
72.7%
1976Cecil Cooper
72.7%
1985Dennis 'Oil Can' Boyd
70.5%
1971Tony Conigliaro
70.1%
1975Tony Conigliaro
70.1%
1987Spike Owen
68.9%
Year Player % Correct
1988Spike Owen
68.9%
1974Bernie Carbo
68.6%
1977Bernie Carbo
68.6%
1981Carney Lansford
68.4%
1982Carney Lansford
68.4%
1987Bob Stanley
67.9%
1980Tony Perez
67.8%
1981Tony Perez
67.8%
1982Tony Perez
67.8%
1971Luis Aparicio
66.9%
1972Luis Aparicio
66.9%
1973Luis Aparicio
66.9%
1978Mike Torrez
66.4%
1981Dave Stapleton
63.8%
1982Dave Stapleton
63.8%
1983Dave Stapleton
63.8%
1984Dave Stapleton
63.8%
1976Denny Doyle
63.3%
1977Denny Doyle
63.3%
1990Tony Pena
62.9%
1989Jody Reed
62.4%
1990Jody Reed
62.4%
1981Rick Miller
58.1%
1974Bob Montgomery
57.2%
1975Bob Montgomery
57.2%
1979Bob Montgomery
57.2%
1989Nick Esasky
56.3%
1976Ferguson Jenkins
56.3%
1977Ferguson Jenkins
56.3%
1972Tommy Harper
55%
1973Tommy Harper
55%
1974Tommy Harper
55%
1984Mike Easler
55%
1985Mike Easler
55%
1981Glenn Hoffman
54.8%
1982Glenn Hoffman
54.8%
1983Glenn Hoffman
54.8%
1984Glenn Hoffman
54.8%
1986Glenn Hoffman
54.8%
1973Orlando Cepeda
51.5%
1988Brady Anderson
48.6%
1981Gary Allenson
47.2%
1982Gary Allenson
47.2%
1971Doug Griffin
46.5%
1972Doug Griffin
46.5%
1973Doug Griffin
46.5%
1974Doug Griffin
46.5%
1975Doug Griffin
46.5%
1974Juan Beniquez
46.3%
1975Juan Beniquez
46.3%
1988Sam Horn
45.6%
1987Marc Sullivan
40.4%
1981Joe Rudi
39.2%
1972Danny Cater
38.2%
1985Jackie Gutierrez
38%
1979Jack Brohamer
34.9%
1971Ray Culp
34.6%
1971Duane Josephson
33.5%
1972Duane Josephson
33.5%
1990Kevin Romine
33.4%
1990Billy Jo Robidoux
31.6%
1982Reid Nichols
31.4%
1972Marty Pattin
31.3%
1980Dave Rader
30.3%
1974Mario Guerrero
29.8%
1983Julio Valdez
25.7%

You're not logged in!

Compare scores with friends on all Sporcle quizzes.
OR
Log In

You Might Also Like...

Show Comments

Extras

Created Aug 26, 2010SourceReportNominate

Top Quizzes Today


Score Distribution

Your Account Isn't Verified!

In order to create a playlist on Sporcle, you need to verify the email address you used during registration. Go to your Sporcle Settings to finish the process.

Report this User

Report this user for behavior that violates our Community Guidelines.

Details: